Sở hữu trí tuệ và chuyển giao công nghệ

Nội dung sách nhằm đáp ứng nhu cầu trong việc nắm bắt, tìm hiểu qui định của pháp luật Việt Nam về sở hữu trí tuệ và chuyển giao công nghệ. Bên cạnh đó sách còn bình luận về một số điểm bất cập trong quy định của Pháp luật về sở h...

সম্পূর্ণ বিবরণ

সংরক্ষণ করুন:
গ্রন্থ-পঞ্জীর বিবরন
প্রধান লেখক: Phạm, Văn Tuyết
বিন্যাস: গ্রন্থ
ভাষা:Undetermined
প্রকাশিত: Hà Nội Tư Pháp 2008
বিষয়গুলি:
ট্যাগগুলো: ট্যাগ যুক্ত করুন
কোনো ট্যাগ নেই, প্রথমজন হিসাবে ট্যাগ করুন!
Thư viện lưu trữ: Trung tâm Học liệu Trường Đại học Cần Thơ
LEADER 01153nam a2200205Ia 4500
001 CTU_111707
008 210402s9999 xx 000 0 und d
020 |c 69000 
082 |a 346.597048 
082 |b T528 
100 |a Phạm, Văn Tuyết 
245 0 |a Sở hữu trí tuệ và chuyển giao công nghệ 
245 0 |c Phạm Văn Tuyết, Lê Kim Giang 
260 |a Hà Nội 
260 |b Tư Pháp 
260 |c 2008 
520 |a Nội dung sách nhằm đáp ứng nhu cầu trong việc nắm bắt, tìm hiểu qui định của pháp luật Việt Nam về sở hữu trí tuệ và chuyển giao công nghệ. Bên cạnh đó sách còn bình luận về một số điểm bất cập trong quy định của Pháp luật về sở hữu trí tuệ đồng thời đưa ra hướng hoàn thiện những bất cập này. 
650 |a Intellectual property,Intangible property,Sở hữu trí tuệ,Tài sản vô hình 
904 |i H Loan,Qhieu 
980 |a Trung tâm Học liệu Trường Đại học Cần Thơ